000 00430cam a2200145 4500500
005 20260322001022.0
041 _afre
042 _adc
100 1 0 _aM’Bondjo, Maud
_eauthor
245 0 0 _aLivres
260 _c2026.
500 _a22
786 0 _nSciences Humaines | 386 | 2 | 2026-02-12 | p. 84-97 | 0996-6994
856 4 1 _uhttps://shs.cairn.info/magazine-sciences-humaines-2026-2-page-84?lang=fr&redirect-ssocas=7080
999 _c1711296
_d1711296